000 00866nam a22002897a 4500
001 BR7801457
003 BR-BrBNA
005 20230928085543.0
007 ta
008 230509b bl.||||| |||| 00| 0 por d
040 _aBR-BrBNA
_bpor
_cBiblioteca Nacional de Agricultura
041 _a(Por)
072 _aF22; U10
090 _ F22 BR7801457
100 1 _aDias, A.S.
110 1 _aUniversidade Federal de Vicosa, MG (Brasil)
_0Tese (Magister Scientiae)
245 1 _aModelo estatistico para padronizacao da velocidade de infiltracao basica (VIB), usando-se o infiltrometro de anel
260 3 _aVicosa MG (Brasil):
_c1977.
300 _a51 p.
500 _a10 tables; Summary (Por)
650 _aFisica do solo
650 _aMatematica
650 _aInfiltracao
650 _aInfiltrometro
909 _a202309
_bLucia
_c55
_dLucia Elande
942 _cBK
999 _c25064
_d25064